000 00282nam a2200097Ia 4500
005 20251222114411.0
008 251222s1900||||xx |||||||||||||| ||spa||
082 _aDVD0192/P44/2005
245 0 _aSeminario de ética: el problema carcelario en Perú. Realidad y alternativas
942 _cDVD
999 _c2041
_d2041